[Event "RLP Seniors op 17th"]
[Site "Neustadt an der Weinstrasse"]
[Date "2019.07.23"]
[Round "4"]
[White "Zens, Rolf"]
[Black "Alvarez, Luis"]
[Result "1-0"]
[WhiteElo "1879"]
[BlackElo "1786"]
[PlyCount "63"]
[EventDate "2019.07.20"]
[EventType "swiss"]
[EventRounds "9"]
[EventCountry "GER"]
[SourceTitle "CBM 192 Extra"]
[Source "Chessbase"]
[SourceDate "2019.11.06"]
[SourceVersion "1"]
[SourceVersionDate "2019.11.06"]
[SourceQuality "1"]

1. c4 d6 2. g3 c6 3. Bg2 g6 4. Nc3 Bg7 5. Nf3 e5 6. e4 Ne7 7. 0-0 0-0 8. Rb1 a5 9. d3 Na6 10. a3 Bg4 11. h3 Be6 12. Kh2 Qc7 13. Qe2 f5 14. Ng5 Bd7 15. f4 Rae8 16. fxe5 Bxe5 17. Nf3 Bg7 18. Be3 fxe4 19. dxe4 d5 20. cxd5 cxd5 21. Rbc1 dxe4 22. Nxe4 Qb8 23. Qc4+ Kh8 24. Bd4 Bc8 25. Bxg7+ Kxg7 26. Qd4+ Kh6 27. Qe3+ Kg7 28. Qc3+ Kh6 29. Nf6 Nf5 30. Ne5 g5 31. Nxe8 Rxe8 32. Ng4+ 1-0

[Event "Schleswig Holstein-ch Seniors op 10th"]
[Site "Buesum"]
[Date "2016.09.27"]
[Round "2"]
[White "Alvarez, Luis"]
[Black "Stratmann, Dietrich"]
[Result "0-1"]
[WhiteElo "1868"]
[BlackElo "1696"]
[PlyCount "106"]
[EventDate "2016.09.26"]
[EventType "swiss"]
[EventRounds "9"]
[EventCountry "GER"]
[SourceTitle "EXT 2019"]
[Source "ChessBase"]
[SourceDate "2018.10.10"]
[SourceVersion "1"]
[SourceVersionDate "2018.10.10"]
[SourceQuality "1"]

1. e4 e5 2. Nf3 Nf6 3. d4 Nxe4 4. Bd3 d5 5. dxe5 Bg4 6. 0-0 Be7 7. Re1 Nc5 8. Nc3 Nxd3 9. Qxd3 c6 10. h3 Bh5 11. Ne2 Na6 12. c3 Bg6 13. Qd4 Nc5 14. Nf4 Ne6 15. Qe3 Nxf4 16. Qxf4 h6 17. Qg4 h5 18. Qg3 Rg8 19. e6 Kf8 20. Bg5 f6 21. Bf4 Be8 22. Bc7 Qc8 23. Bd6 Qd8 24. Bxe7+ Qxe7 25. Nd4 g6 26. Qe3 Kg7 27. Qg3 Kh7 28. Re3 c5 29. Nf3 Rc8 30. Rae1 Qc7 31. Qxc7+ Rxc7 32. e7 Kg7 33. g4 hxg4 34. hxg4 Kf7 35. g5 Rc6 36. gxf6 Kxf6 37. Ne5 Rc7 38. Ng4+ Kg7 39. Re5 Rd7 40. Rd1 d4 41. Rxc5 Rxe7 42. cxd4 Rh8 43. d5 b6 44. Rc8 Ba4 45. b3 Rxc8 46. bxa4 Rc4 47. f3 Rxa4 48. Rd2 Re1+ 49. Kf2 Ra1 50. d6 R1xa2 51. Rxa2 Rxa2+ 52. Ke3 Kf7 53. Ke4 Ke6 0-1

[Event "Schleswig Holstein-ch Seniors op 10th"]
[Site "Buesum"]
[Date "2016.09.26"]
[Round "1"]
[White "Baum, Bernd"]
[Black "Alvarez, Luis"]
[Result "1-0"]
[WhiteElo "2191"]
[BlackElo "1868"]
[PlyCount "45"]
[EventDate "2016.09.26"]
[EventType "swiss"]
[EventRounds "9"]
[EventCountry "GER"]
[SourceTitle "EXT 2019"]
[Source "ChessBase"]
[SourceDate "2018.10.10"]
[SourceVersion "1"]
[SourceVersionDate "2018.10.10"]
[SourceQuality "1"]

1. Nf3 d5 2. g3 c5 3. Bg2 Nc6 4. d4 Nf6 5. 0-0 cxd4 6. Nxd4 e5 7. Nxc6 bxc6 8. c4 Be6 9. Nc3 Be7 10. Bg5 e4 11. cxd5 cxd5 12. Qa4+ Qd7 13. Qxd7+ Nxd7 14. Bxe7 Kxe7 15. Rfd1 Nf6 16. f3 exf3 17. Bxf3 Rhd8 18. Rd2 Rd7 19. Rc1 Rad8 20. Nb5 Ne4 21. Rdc2 Rb8 22. Nd4 Ng5 23. Nc6+ 1-0

[Event "Arber op 2nd"]
[Site "Bayerisch Eisenstein"]
[Date "2013.07.04"]
[Round "6"]
[White "Alvarez, Luis"]
[Black "Bangert, Ruediger"]
[Result "1-0"]
[WhiteElo "1905"]
[BlackElo "1666"]
[PlyCount "68"]
[EventDate "2013.06.29"]
[EventType "swiss"]
[EventRounds "9"]
[EventCountry "GER"]
[SourceTitle "CBM 155 Extra"]
[Source "ChessBase"]
[SourceDate "2013.08.26"]
[SourceVersion "1"]
[SourceVersionDate "2013.08.26"]
[SourceQuality "1"]

1. e4 Nc6 2. d4 e6 3. Nf3 g6 4. c3 Bg7 5. Bd3 Nf6 6. Bg5 h6 7. Bd2 d5 8. e5 Ne4 9. Be3 f5 10. exf6 Qxf6 11. Nbd2 Nd6 12. 0-0 g5 13. Ne5 Nf7 14. Qh5 Ncxe5 15. dxe5 Qe7 16. Bg6 Rf8 17. f4 b6 18. fxg5 Ba6 19. Rf2 Bxe5 20. gxh6 Bf6 21. h7 Kd7 22. Re1 c5 23. Nb3 Ne5 24. Bb1 Rh8 25. Bf5 Nd3 26. Bxd3 Bxd3 27. Rd2 Rxh7 28. Qf3 Bc4 29. Nc1 d4 30. Qxa8 a6 31. Qb7+ Ke8 32. Qxe7+ Kxe7 33. b3 dxc3 34. Rc2 Bd5 1-0

[Event "Arber op 2nd"]
[Site "Bayerisch Eisenstein"]
[Date "2013.07.03"]
[Round "5"]
[White "Lang, Ferdinand"]
[Black "Alvarez, Luis"]
[Result "1-0"]
[WhiteElo "2115"]
[BlackElo "1905"]
[PlyCount "85"]
[EventDate "2013.06.29"]
[EventType "swiss"]
[EventRounds "9"]
[EventCountry "GER"]
[SourceTitle "CBM 155 Extra"]
[Source "ChessBase"]
[SourceDate "2013.08.26"]
[SourceVersion "1"]
[SourceVersionDate "2013.08.26"]
[SourceQuality "1"]

1. e4 d5 2. exd5 Qxd5 3. Nc3 Qa5 4. d4 Nf6 5. Nf3 c6 6. h3 Ne4 7. Bd2 Nxd2 8. Qxd2 Bf5 9. Bc4 e6 10. Nh4 Be7 11. Nxf5 Qxf5 12. a3 Nd7 13. Ne2 0-0 14. Ng3 Qg6 15. h4 h6 16. 0-0-0 Bd6 17. Bd3 Qg4 18. Ne2 e5 19. f3 Qe6 20. Kb1 b5 21. g4 b4 22. a4 Nb6 23. b3 Rfd8 24. g5 h5 25. g6 f5 26. Qg5 Qf6 27. Qxh5 f4 28. Qg4 Kf8 29. h5 Ke7 30. Rhe1 Rh8 31. Nxf4 Kf8 32. Ne6+ Ke7 33. dxe5 Bxe5 34. f4 Bc3 35. Re2 Kd6 36. Bc4+ Nd5 37. Ng5 Kc7 38. Ne6+ Kb6 39. Qg1+ Kb7 40. Nc5+ Kc7 41. Ne4 Qxf4 42. Bxd5 cxd5 43. Qc5+ 1-0

[Event "Arber op 2nd"]
[Site "Bayerisch Eisenstein"]
[Date "2013.07.01"]
[Round "3"]
[White "Weiland, Thomas"]
[Black "Alvarez, Luis"]
[Result "0-1"]
[WhiteElo "2015"]
[BlackElo "1905"]
[PlyCount "72"]
[EventDate "2013.06.29"]
[EventType "swiss"]
[EventRounds "9"]
[EventCountry "GER"]
[SourceTitle "CBM 155 Extra"]
[Source "ChessBase"]
[SourceDate "2013.08.26"]
[SourceVersion "1"]
[SourceVersionDate "2013.08.26"]
[SourceQuality "1"]

1. e4 d5 2. exd5 Qxd5 3. d4 Nc6 4. Nf3 Bg4 5. c3 e5 6. Be2 0-0-0 7. Be3 exd4 8. Nxd4 Bxe2 9. Kxe2 Qxg2 10. Nd2 Nxd4+ 11. cxd4 Nf6 12. Qa4 Kb8 13. Nf3 Qg4 14. Rhg1 Qe6 15. Rg5 a6 16. Rc1 h6 17. Qc2 Nd5 18. Re5 Qd7 19. a4 c6 20. a5 Bd6 21. Re4 f6 22. Qc4 Qf5 23. Nd2 Qh5+ 24. Nf3 Qf5 25. Nd2 g5 26. f3 Qd7 27. Nb3 f5 28. Re5 Bxe5 29. dxe5 Nxe3 30. Kxe3 Rhe8 31. f4 gxf4+ 32. Kxf4 Qe7 33. Qc3 Qg5+ 34. Kf3 Qg4+ 35. Kf2 Qf4+ 36. Kg2 Rg8+ 0-1

[Event "Arber op 2nd"]
[Site "Bayerisch Eisenstein"]
[Date "2013.06.30"]
[Round "2"]
[White "Reuter, Roland"]
[Black "Alvarez, Luis"]
[Result "1-0"]
[WhiteElo "2010"]
[BlackElo "1905"]
[PlyCount "89"]
[EventDate "2013.06.29"]
[EventType "swiss"]
[EventRounds "9"]
[EventCountry "GER"]
[SourceTitle "CBM 155 Extra"]
[Source "ChessBase"]
[SourceDate "2013.08.26"]
[SourceVersion "1"]
[SourceVersionDate "2013.08.26"]
[SourceQuality "1"]

1. c4 e6 2. d4 d5 3. Nc3 c6 4. Nf3 Nd7 5. e3 Ngf6 6. Bd2 Bd6 7. Qc2 h6 8. Bd3 dxc4 9. Bxc4 0-0 10. 0-0 e5 11. Rad1 exd4 12. exd4 Nb6 13. Be2 Bc7 14. Rfe1 Be6 15. b3 Qd6 16. g3 Nbd5 17. Na4 b6 18. Rc1 Bd7 19. Ne5 Be8 20. Nxc6 Bd7 21. Nb2 Rfc8 22. Ne5 Be8 23. Nbc4 Qd8 24. Qb2 b5 25. Ne3 a6 26. Bf3 Rab8 27. Nxd5 Nxd5 28. Rc5 Nf6 29. Rec1 Bb6 30. Rxc8 Rxc8 31. Rxc8 Qxc8 32. Be3 Qd8 33. Qc3 Ba5 34. b4 Bb6 35. a3 Kh7 36. Qd3+ g6 37. Qd2 Ng8 38. Qc3 Ne7 39. Ng4 Ng8 40. d5 Bd7 41. Ne5 Be8 42. Bxb6 Qxb6 43. Qc5 Qd8 44. d6 Nf6 45. Qc7 1-0

[Event "Bad Woerishofen Seniors op 28th"]
[Site "Bad Woerishofen"]
[Date "2012.03.08"]
[Round "7.43"]
[White "Alvarez, Luis"]
[Black "Miessner, Rolf"]
[Result "1-0"]
[WhiteElo "1679"]
[BlackElo "1538"]
[PlyCount "75"]
[EventDate "2012.03.02"]
[EventType "swiss"]
[EventRounds "9"]
[EventCountry "GER"]
[SourceTitle "EXT 2022"]
[Source "ChessBase"]
[SourceDate "2021.10.06"]
[SourceVersion "1"]
[SourceVersionDate "2021.10.06"]
[SourceQuality "1"]

1. e4 e5 2. Nf3 Nc6 3. Bb5 a6 4. Ba4 Nf6 5. d3 Be7 6. Bxc6 bxc6 7. Nxe5 Bb7 8. 0-0 0-0 9. Nc3 d6 10. Ng4 Qd7 11. Nxf6+ Bxf6 12. Bd2 Rae8 13. Rb1 Re7 14. Ne2 g6 15. Ng3 Bg7 16. b3 c5 17. c4 c6 18. b4 Bc8 19. Be3 cxb4 20. Rxb4 c5 21. Rb6 Qc7 22. Qb3 f5 23. f4 h6 24. Bd2 Kh7 25. Rb1 Bd4+ 26. Kh1 Rff7 27. Qc2 Qd8 28. Rb8 Rb7 29. R8xb7 Rxb7 30. Rxb7+ Bxb7 31. exf5 gxf5 32. Nxf5 Qf6 33. Ng3 Qg7 34. Qd1 d5 35. cxd5 Bxd5 36. a3 c4 37. dxc4 Bxc4 38. Qc2+ 1-0

[Event "Bad Woerishofen Seniors op 28th"]
[Site "Bad Woerishofen"]
[Date "2012.03.07"]
[Round "6.33"]
[White "Neumann, Erwin"]
[Black "Alvarez, Luis"]
[Result "1-0"]
[WhiteElo "1762"]
[BlackElo "1679"]
[PlyCount "73"]
[EventDate "2012.03.02"]
[EventType "swiss"]
[EventRounds "9"]
[EventCountry "GER"]
[SourceTitle "EXT 2022"]
[Source "ChessBase"]
[SourceDate "2021.10.06"]
[SourceVersion "1"]
[SourceVersionDate "2021.10.06"]
[SourceQuality "1"]

1. e4 d5 2. exd5 Nf6 3. Nf3 Nxd5 4. d4 g6 5. Be2 Bg7 6. 0-0 0-0 7. c4 Nb6 8. Nc3 c6 9. Be3 Bg4 10. h3 Bxf3 11. Bxf3 Nxc4 12. Qe2 Nxe3 13. fxe3 Nd7 14. Rad1 e6 15. Ne4 Nf6 16. Nc5 Rb8 17. Rd3 Qc7 18. Ra3 a6 19. Rb3 Nd7 20. Ne4 e5 21. Rd1 exd4 22. exd4 Rfe8 23. Qc2 Qf4 24. g3 Qc7 25. d5 Ne5 26. Bg2 Rbd8 27. d6 Qb8 28. Qc5 Rd7 29. h4 Red8 30. Bh3 f5 31. Nf2 Rxd6 32. Rxd6 Rxd6 33. Rxb7 Qxb7 34. Qxd6 Qxb2 35. Qe6+ Kh8 36. Qe8+ Bf8 37. Qxf8# 1-0

[Event "Hessen-ch Seniors op 07th"]
[Site "Bad Sooden-Allendorf"]
[Date "2011.05.02"]
[Round "3"]
[White "Knobling, Rolf"]
[Black "Alvarez, Luis"]
[Result "0-1"]
[WhiteElo "1302"]
[BlackElo "1655"]
[PlyCount "72"]
[EventDate "2011.04.30"]
[EventType "swiss"]
[EventRounds "9"]
[EventCountry "GER"]
[SourceTitle "EXT 2012"]
[Source "ChessBase"]
[SourceDate "2011.11.24"]
[SourceVersion "1"]
[SourceVersionDate "2011.11.24"]
[SourceQuality "1"]

1. e4 d5 2. exd5 Qxd5 3. Nc3 Qa5 4. d4 Nf6 5. Bd2 c6 6. Nf3 Bf5 7. Ne4 Qc7 8. Nxf6+ exf6 9. c3 Bd6 10. Be2 0-0 11. 0-0 Nd7 12. Be3 Rfe8 13. Bd3 Bg4 14. h3 Be6 15. Qc2 Nf8 16. Nd2 Bf4 17. Rfe1 Rad8 18. Nb3 b6 19. a4 Bd7 20. Qd2 Bh2+ 21. Kf1 Bd6 22. c4 Be6 23. a5 b5 24. Rac1 Qb7 25. Qc2 Rc8 26. c5 Bb8 27. Ra1 a6 28. Nd2 Qc7 29. f4 Rcd8 30. Ne4 Qd7 31. Nf2 f5 32. b4 Ng6 33. Qd2 Ne7 34. Bc2 Nd5 35. Rad1 Nxe3+ 36. Qxe3 Bc4+ 0-1

[Event "Berlin Lichtenberger op 9th"]
[Site "Berlin"]
[Date "2010.08.11"]
[Round "5"]
[White "Arpaci, Enis"]
[Black "Alvarez, Luis"]
[Result "1-0"]
[WhiteElo "1400"]
[BlackElo "1879"]
[PlyCount "85"]
[EventDate "2010.08.07"]
[EventType "swiss"]
[EventRounds "9"]
[EventCountry "GER"]
[SourceTitle "CBM 137 Extra"]
[Source "ChessBase"]
[SourceDate "2010.09.01"]
[SourceVersion "1"]
[SourceVersionDate "2010.09.01"]
[SourceQuality "1"]

1. g3 d5 2. Bg2 c6 3. Nf3 Nf6 4. d3 Nbd7 5. Bf4 e6 6. Nbd2 Be7 7. c4 0-0 8. cxd5 exd5 9. Rc1 Re8 10. 0-0 Nf8 11. Re1 Ng6 12. Be3 h6 13. Bd4 Bd7 14. Ne5 Nxe5 15. Bxe5 Bg4 16. f3 Be6 17. Kh1 Bd6 18. Bxd6 Qxd6 19. e4 dxe4 20. dxe4 Qb4 21. Qc2 Rad8 22. Nb3 Bxb3 23. Qxb3 Qxb3 24. axb3 Rd2 25. Ra1 a6 26. Ra2 Red8 27. Bf1 Rf2 28. Bg2 Rdd2 29. Rg1 Rxb2 30. Rxb2 Rxb2 31. Rd1 Rxb3 32. e5 Nd5 33. f4 a5 34. f5 Ne3 35. Rd8+ Kh7 36. Be4 Rb4 37. Bd3 Ng4 38. f6+ g6 39. e6 Nf2+ 40. Kg2 Rb2 41. Kf3 fxe6 42. Rd7+ Kg8 43. Bxg6 1-0

[Event "Berlin Lichtenberger op 8th"]
[Site "Berlin"]
[Date "2009.08.23"]
[Round "9"]
[White "Sotter Klundt, Gerlinde"]
[Black "Alvarez, Luis"]
[Result "1/2-1/2"]
[WhiteElo "1839"]
[BlackElo "1870"]
[PlyCount "53"]
[EventDate "2009.08.15"]
[EventType "swiss"]
[EventRounds "9"]
[EventCountry "GER"]
[SourceTitle "CBM 131 Extra"]
[Source "ChessBase"]
[SourceDate "2009.09.03"]
[SourceVersion "2"]
[SourceVersionDate "2009.09.16"]
[SourceQuality "1"]

1. d4 d5 2. c4 e6 3. Nc3 Nf6 4. Nf3 Nbd7 5. e3 c6 6. cxd5 exd5 7. Bd3 Bd6 8. 0-0 0-0 9. Bd2 Re8 10. Qc2 Nf8 11. h3 h6 12. e4 dxe4 13. Nxe4 Nxe4 14. Bxe4 Qf6 15. Rfe1 Be6 16. Bc3 Qd8 17. a3 a5 18. Rad1 Qb6 19. d5 cxd5 20. Bxd5 Qc7 21. Qd3 Rad8 22. Qb5 Bxd5 23. Rxe8 Bc6 24. Rxf8+ Kxf8 25. Qe2 Re8 26. Qd3 Rd8 27. Qe2 1/2-1/2

[Event "Berlin Lichtenberger op 8th"]
[Site "Berlin"]
[Date "2009.08.21"]
[Round "7"]
[White "Alvarez, Luis"]
[Black "Maslov, Maxim"]
[Result "1-0"]
[WhiteElo "1870"]
[BlackElo "1792"]
[PlyCount "37"]
[EventDate "2009.08.15"]
[EventType "swiss"]
[EventRounds "9"]
[EventCountry "GER"]
[SourceTitle "CBM 131 Extra"]
[Source "ChessBase"]
[SourceDate "2009.09.03"]
[SourceVersion "2"]
[SourceVersionDate "2009.09.16"]
[SourceQuality "1"]

1. e4 c5 2. Nf3 Nc6 3. c3 d5 4. exd5 Qxd5 5. d4 Bg4 6. Be2 cxd4 7. cxd4 e6 8. 0-0 Nf6 9. h3 Bf5 10. Nc3 Qd7 11. Be3 Be7 12. Qb3 b6 13. Bb5 Rc8 14. Qa4 Qc7 15. Ne5 0-0 16. Nxc6 Bd6 17. Qxa7 Bh2+ 18. Kh1 Qd6 19. Ne7+ 1-0

[Event "Berlin Lichtenberger op 8th"]
[Site "Berlin"]
[Date "2009.08.19"]
[Round "5"]
[White "Alvarez, Luis"]
[Black "Strehlow, Horst"]
[Result "0-1"]
[WhiteElo "1870"]
[BlackElo "2069"]
[PlyCount "98"]
[EventDate "2009.08.15"]
[EventType "swiss"]
[EventRounds "9"]
[EventCountry "GER"]
[SourceTitle "CBM 131 Extra"]
[Source "ChessBase"]
[SourceDate "2009.09.03"]
[SourceVersion "2"]
[SourceVersionDate "2009.09.16"]
[SourceQuality "1"]

1. e4 d6 2. d4 Nf6 3. Bd3 g6 4. Nf3 Bg7 5. c3 0-0 6. h3 b6 7. Be3 c5 8. Nbd2 cxd4 9. cxd4 Ba6 10. Qe2 Bxd3 11. Qxd3 Nbd7 12. Rc1 Qb8 13. 0-0 Qb7 14. Rfe1 Rac8 15. d5 Nc5 16. Qb1 Nfd7 17. Nd4 Ne5 18. Rf1 a5 19. a3 a4 20. Rc3 e6 21. f4 Ned7 22. dxe6 fxe6 23. Rc4 Nf6 24. Nb5 Rfd8 25. Nc3 d5 26. Rb4 Nfxe4 27. Ndxe4 dxe4 28. Nxe4 Nd3 29. Rxa4 b5 30. Rb4 Nxb4 31. axb4 Qd5 32. Bc5 Qd3 33. Qe1 Bxb2 34. Ng5 Bd4+ 35. Kh1 Re8 36. Rf3 Qc4 37. Qe4 Qc1+ 38. Kh2 Bxc5 39. bxc5 Qxc5 40. h4 Qd5 41. Qe3 h6 42. Ne4 Rf8 43. Nf2 h5 44. Ne4 Rc7 45. Ng5 b4 46. Qxe6+ Qxe6 47. Nxe6 Rc3 48. Kg3 Rxf3+ 49. Kxf3 b3 0-1